000 00887nam a2200229Ia 4500
001 12098
003 GE_BSU
008 181216s||||||||xx |||||||||||||| ||und||
020 _a9785951802736
040 _cGE_BSU
080 _a615.83+615.834
245 _aфизиотерапия и курортология. Кн.1
245 _bМедицинская климатология и климатотерапия. Медицинская гидрология и теплогрязелечение.Преформированные физические факторы
245 _cПод.ред. В.М. Боголюбова Ред. К.В. Приказова
260 _aМосква
260 _bИзд-во Бином
260 _c2012
300 _a408стр.илл.24см.
541 _h35Л.
653 _aфизиотерапия и курортология
942 _cBK
999 _c45274
_d45274